000 00461nam a2200181Ia 4500
003 GCL
008 140319s9999 xx 000 0 ara d
040 _aGCL /
_cGCL
082 0 4 _a641.1
_bا ص
100 1 _aامين رويحة
245 1 0 _aصحة من المطبخ /
_cامين رويحة
260 _a[S.N] :
_bدار القلم للتراث
300 _a141 ص
490 _a
650 0 4 _aالتغذية
650 0 4 _aالصحة
942 _2ddc
_cBK
999 _c54199
_d54199